ALL FC 26 ICONS - Statistiken

Allgemein
  • Dieses Quiz wurde 65 mal gespielt
  • Das Durchschnittsergebnis liegt bei 48 aus 124
Antwortstatistiken
Hint Antwort % Korrekt
ST Ronaldo
86%
RB Lahm
78%
LW Ronaldinho
73%
CB Beckenbauer
69%
GK Kahn
69%
CB Maldini
69%
CAM Pelé
69%
LB Roberto Carlos
69%
CM Matthäus
67%
ST Müller
63%
GK Buffon
61%
CAM Maradona
61%
CM Schweinsteiger
61%
GK Yashin
61%
GK Casillas
59%
CM Gullit
59%
ST Henry
59%
ST Klose
57%
RW Garrincha
53%
CM Iniesta
53%
GK Van der Saar
53%
CM Xavi
53%
CAM Zidane
53%
RB Carlos Alberto
51%
CAM Cruyff
51%
CM Gerrard
49%
CAM Kroos
49%
LM Nedved
49%
LW Rivaldo
49%
ST Van Basten
49%
ST Drogba
47%
ST Puskas
47%
RB Cafu
45%
CB Cannavaro
45%
ST Etoo
45%
ST Ibrahimovic
45%
CAM Kaka
45%
CM Pirlo
45%
ST Eusebio
43%
CM Lampard
43%
LM Ribéry
43%
CB Ferdinand
41%
ST Hamm
41%
CB Koeman
41%
CB Moore
41%
CB Puyol
41%
GK Schmeichel
41%
ST Shearer
41%
ST Torres
41%
CDM Alonso
39%
CAM Baggio
39%
ST Butragueno
39%
GK Cech
39%
CB Desailly
39%
CB Nesta
39%
ST Rooney
39%
CM Scholes
39%
ST Van Nistelrooy
39%
CAM Del Piero
37%
CDM Makelele
37%
LB Marcelo
37%
ST Raul
37%
ST Stoichkov
37%
CM Vieira
37%
CAM Zico
37%
GK Angerer
35%
CB Blanc
35%
CDM Essien
35%
RW Figo
35%
CB Hierro
35%
CDM Petit
35%
LM Pires
35%
ST Prinz
35%
CB Baresi
33%
RM Beckham
33%
RW Best
33%
CAM Laudrup
33%
ST Shevchenko
33%
CAM Socrates
33%
ST Van Persie
33%
CB Vidic
33%
ST Bergkamp
31%
RW Jairzinho
31%
ST Morgan
31%
ST Sanchez
31%
CM Veron
31%
RB Zambrotta
31%
RW Bale
29%
CDM Gattuso
29%
CAM Hagi
29%
ST Owen
29%
CAM Sissi
29%
CB Campbell
27%
CAM Charlton
27%
LB Cole
27%
ST Crespo
27%
CDM Rijkaard
27%
ST Rush
27%
CM Sawa
27%
RB Zanetti
27%
CAM Zola
27%
CB Chiellini
24%
ST Hernandez
24%
CM Keane
24%
ST Kluivert
24%
ST Lineker
24%
CAM Riquelme
24%
ST Totti
24%
ST Cha Bum Kun
22%
ST Larsson
22%
RB Thuram
22%
ST Wright
22%
ST Cantona
20%
CB Jones
20%
ST Suker
20%
LW Barnes
18%
ST Dalglish
18%
CM Abily
14%
ST Schelin
14%
CM Seger
14%
CM Foudy
12%
ST Smith
12%
LM Miyama
10%
ST Pichon
8%
Keine übereinstimmenden Quizze gefunden
Verteilung der Resultate
Anzahl Personen mit jedem Resultat
Perzentil nach korrekt beantworteten Fragen
Ihre Resultats-Entwicklung
Sie haben dieses Quiz noch nicht gespielt